000 00648nam a2200253Ia 4500
005 20250425162735.0
008 250425s9999 xx 000 0 und d
020 _a970260172X
041 _aspa
043 _amx
082 _a658.5
100 _aALEXANDER SERVAT, ALBERTO G
245 0 _aMEJORA CONTINUA Y ACCIÒN CORRECTIVA
250 _a1A ED.
260 _aMéxico
_bPEARSON EDUACACION
_c2002
260 _aNAUCALPAN DE JUAREZ
300 _a247
500 _aDONADO POR GUILLERMO AROSEMENA
650 _aGESTION DE LA CALIDAD TOTAL
650 _aMETODOLOGIA
710 _aPEARSON EDUCATION
942 _c01
010 _a104423
999 _c235466
_d235466